00426nam a22001337a 4500003000400000008004100004082001700045100002400062245013600086260003200222300001000254502001500264650001300279OSt260508b |||||||| |||| 00| 0 eng d a633.11bR95S aRoy, Aditya Narayan aStudies to Assess the Yield Potential of New Wheat (Triticum aestivium L.) Varieties under Varying Levels of Fertiliser Application aPusa, SamastipurbRAUc1987 a113P. bMsc.d1987 aAgronomy